| 000 | 01001nam a22002537a 4500 | ||
|---|---|---|---|
| 001 | 47840 | ||
| 003 | BD-RjUL | ||
| 005 | 20211209054414.0 | ||
| 008 | 170130s2011 bg ||||| |||| 00| 0 ben d | ||
| 020 | _c: TK 300.00 | ||
| 035 | _a(BD-RjUL)47959 | ||
| 040 |
_aBD-RjUL _bben _cBD-RjUL |
||
| 041 | _aben | ||
| 082 |
_223 _a891.44092 _bDAS 2011 |
||
| 100 |
_aদত্ত, মীনাক্ষী _9145241 |
||
| 245 | 1 | 0 |
_aস্মৃতিতে, চিঠিতে বুদ্ধদেব বসু ও তাঁর সারস্বত গোষ্ঠী / _cমীনাক্ষী দত্ত |
| 260 |
_aঢাকা : _bপ্রতিভাস, _c২০১১ |
||
| 300 |
_a২৮৫ পৃ. : _bচিত্র ; _c২১ সেমি. |
||
| 600 |
_aবসু, বুদ্ধদেব _xজীবনী _9188836 |
||
| 600 |
_aBasu, Buddhodeb _xBiography _9188837 |
||
| 650 |
_aবাংলা লেখক _9171011 |
||
| 650 |
_aBengali Writer _9179534 |
||
| 942 |
_2ddc _cBK |
||
| 999 |
_c47840 _d47840 |
||